History of Humayun (humayun Namah) (Record no. 6659)

MARC details
000 -LEADER
fixed length control field 00585nam a2200229 a 4500
020 ## - INTERNATIONAL STANDARD BOOK NUMBER
ISBN
082 00 - DEWEY DECIMAL CLASSIFICATION NUMBER
Classification number 954.0253
Author Cutter GUL
100 ## - MAIN ENTRY--AUTHOR NAME
Author name Gulbadan Begum,
245 ## - TITLE STATEMENT
Title History of Humayun (humayun Namah)
260 ## - PUBLICATION, DISTRIBUTION, ETC. (IMPRINT)
Place of publication Delhi
Name of publisher Atlantic Pub
Year of publication 1989
300 ## - PHYSICAL DESCRIPTION
Number of Pages 331p
500 ## - GENERAL NOTE
General note includes index and biblioraphy
505 2# - FORMATTED CONTENTS NOTE
Formatted contents note Persian and English. 96 Pages in Persian
650 ## - SUBJECT ADDED ENTRY--TOPICAL TERM
Topical Term Mughal India-Humayun
942 ## - ADDED ENTRY ELEMENTS (KOHA)
Koha item type Books
Holdings
Collection code Home library Current library Date acquired Cost, normal purchase price Full call number Accession Number Koha item type
  Henry Martyn Institute Library Henry Martyn Institute Library 08/04/2008 350.00 954.0253 GUL 013551 Books
                   Copyright © 2026 | Henry Martyn Institute | Hyderabad | TS-500052 | INDIA | Implemented by hmi.edu.in
Hit-Count:

Powered by Koha